Statistics for Bacon Puzzle #2

Click here to take the quiz!

General Stats

  • This quiz has been taken 42,702 times
    (28,117 since last reset)
  • The average score is 9 of 15

Answer Stats

Actor% Correct
Brad Pitt
92%
Robert Downey Jr.
89%
Uma Thurman
80%
Kevin Spacey
72%
Lucy Liu
69%
Cameron Diaz
68%
Samuel L. Jackson
67%
Nicole Kidman
66%
Gwyneth Paltrow
64%
Ewan McGregor
63%
Jude Law
62%
Jack Black
61%
John Cusack
42%
Steve Buscemi
24%
Thora Birch
20%

Score Distribution

Percentile by Number Answered

Percent of People with Each Score

Your Score History

You have not taken this quiz since the last reset